| 000 | 00983pam a2200325 i 4500 | ||
|---|---|---|---|
| 001 | 6282 | ||
| 003 | OSt | ||
| 005 | 20260402090655.0 | ||
| 008 | 760420s1976 iau b 000 0 eng | ||
| 010 | _a 76012577 | ||
| 020 | _a0813807808 | ||
| 020 | _a9780813807805 | ||
| 035 | _a2706336 | ||
| 040 |
_aDLC _cDLC _dDLC |
||
| 050 | 0 | 0 |
_aTX298 _b.B48 1976 |
| 082 | 0 | 0 |
_a643 BEV _b6282 |
| 100 | 1 |
_aBeveridge, Elizabeth, _d1905- |
|
| 245 | 1 | 0 |
_aChoosing and using home equipment / _cElizabeth Beveridge. |
| 250 | _a7th ed. | ||
| 260 |
_aAmes : _bIowa State University Press, _cc1976. |
||
| 300 |
_ax, 108 p. ; _c29 cm. |
||
| 336 |
_atext _btxt _2rdacontent |
||
| 337 |
_aunmediated _bn _2rdamedia |
||
| 338 |
_avolume _bnc _2rdacarrier |
||
| 504 | _aBibliography: p. 107-108. | ||
| 650 | 0 |
_aHome economics _xEquipment and supplies. |
|
| 906 |
_a7 _bcbc _corignew _d1 _eocip _f19 _gy-gencatlg |
||
| 942 |
_2ddc _cBK _n0 |
||
| 999 |
_c5831 _d5831 |
||